01140nam a22002537a 450000500170000000800410001702000180005804000350007604100080011104400070011908200190012610000290014524502220017426000900039630000400048650400690052665000460059565000360064165000560067765000480073365000410078170000370082270000270085920150302100518.0150220s2012 ck a gr 00110 spa d a9789584640697 aCO-BoBLA cCO-BoBLAdCo-BoIAvH aspa ack04a580.986bA71g 1 aAriza Cortés, William.10aGuía ilustrada de la flora representativa de las selvas del Norte del Guaviare : bMunicipio de Mapiripán, Departamento del Meta / cWilliam Ariza Cortés, César Eduardo Barbosa Castillo, Lyndon Carvajal Rojas. aBogotá : bPluspetrol : bUniversidad Distrital Francisco José de Caldas, c2012. a178 p. : bilustraciones ; c22 cm. aIncluye referencias bibliográficas (pág 169-170) e índice. 4aBotánicaz Mapiripán (Meta, Colombia) 4aBotánicax Fichas técnicas. 4aAdaptación vegetalz Mapiripán (Meta, Colombia) 4aPlantasx Clasificaciónz Meta (Colombia) 4aFloraz Mapiripán (Meta, Colombia)1 aBarbos Castillo, César Eduardo1 aCarvajal Rojas, Lyndon